EL LIDERAZGO CENTRADO EN PRINCIPIOS (Registro nro. 57843)
[ vista simple ]
| 000 -LEADER | |
|---|---|
| fixed length control field | 00869nam a2200265 a 4500 |
| 001 - CONTROL NUMBER | |
| control field | 57843 |
| 003 - CONTROL NUMBER IDENTIFIER | |
| control field | Mx-PuUPA |
| 005 - DATE AND TIME OF LATEST TRANSACTION | |
| control field | 20260218134849.0 |
| 008 - FIXED-LENGTH DATA ELEMENTS--GENERAL INFORMATION | |
| fixed length control field | 140415s2010 mx 000 0 spa d |
| 020 ## - INTERNATIONAL STANDARD BOOK NUMBER | |
| International Standard Book Number | 9789688532539 |
| 040 ## - CATALOGING SOURCE | |
| Transcribing agency | Mx-PuUPA |
| 041 ## - LANGUAGE CODE | |
| Language code of text/sound track or separate title | spa |
| 082 ## - DEWEY DECIMAL CLASSIFICATION NUMBER | |
| Classification number | 658.42 |
| Item number | COV |
| 100 1# - MAIN ENTRY--PERSONAL NAME | |
| Personal name | Covey, Stephen R.,. |
| 245 13 - TITLE STATEMENT | |
| Title | EL LIDERAZGO CENTRADO EN PRINCIPIOS |
| 250 ## - EDITION STATEMENT | |
| Edition statement | 1a ed. |
| 260 ## - PUBLICATION, DISTRIBUTION, ETC. | |
| Place of publication, distribution, etc. | MEXICO : |
| Name of publisher, distributor, etc. | PAIDOS MEXICANA, |
| Date of publication, distribution, etc. | 2010 |
| 300 ## - PHYSICAL DESCRIPTION | |
| Extent | 457 |
| Dimensions | 15.2 x 2.9 x 21.9 |
| 490 ## - SERIES STATEMENT | |
| Series statement | PAIDOS EMPRESA |
| 650 14 - SUBJECT ADDED ENTRY--TOPICAL TERM | |
| Topical term or geographic name entry element | ADMINISTRACION |
| General subdivision | CIENCIAS ADMINISTRATIVAS |
| -- | LIDERAZGO |
| -- | PROCESO ADMINISTRATIVO |
| -- | DIRECCION |
| 700 1# - ADDED ENTRY--PERSONAL NAME | |
| Personal name | PANTELIDES, ORESTES |
| Relator term | tr. |
| 740 ## - ADDED ENTRY--UNCONTROLLED RELATED/ANALYTICAL TITLE | |
| Uncontrolled related/analytical title | PRINCIPLE CENTERED LEADERSHIP |
| 942 ## - ADDED ENTRY ELEMENTS (KOHA) | |
| Source of classification or shelving scheme | Dewey Decimal Classification |
| Koha item type | Libro |
| Withdrawn status | Lost status | Source of classification or shelving scheme | Damaged status | Not for loan | Home library | Current library | Shelving location | Date acquired | Source of acquisition | Total Checkouts | Full call number | Barcode | Price effective from | Koha item type | Collection code | Inventory number | Date last seen | Total Renewals | Date last checked out |
|---|---|---|---|---|---|---|---|---|---|---|---|---|---|---|---|---|---|---|---|
| Extraviado | Dewey Decimal Classification | Biblioteca Karol Wojtyla | Biblioteca Karol Wojtyla | 03/12/2013 | Compra | 658.42 COV 2010 | 87328 | 13/01/2015 | Libro | ||||||||||
| Dewey Decimal Classification | Biblioteca Karol Wojtyla | Biblioteca Karol Wojtyla | Sala general | 03/12/2013 | Compra | 658.42 COV 2010 | 87327 | 13/01/2015 | Reserva permanente | General | 151000000000000000013328 | 05/01/2026 | |||||||
| Dewey Decimal Classification | Biblioteca Karol Wojtyla | Biblioteca Karol Wojtyla | Sala general | 03/12/2013 | Compra | 8 | 658.42 COV 2010 | 87329 | 13/01/2015 | Libro | General | 151000000000000000013329 | 05/01/2026 | 1 | 14/06/2025 |